Kapitoly z dějin českého revolučního myšlení.

Uložené v:
Podrobná bibliografia
Hlavný autor: Bělka, František
Médium: Kniha
Jazyk:Czech
Vydané: Havlíčkův Brod : Kraj. nakl., 1960.
Fyzický popis: 306 strán.
Tagy: Pridať tag
Žiadne tagy, Buďte prvý kto otaguje tento záznam!

MARC

LEADER 00000nam a22000002i 4500
001 000653109
005 20210113144343.0
008 210113s1960 xr e 000 0 cze d
020 |c Kčs 24,00  |q (brožované) 
040 |a SVKKK  |b slo  |c SVKKK  |e rda 
100 1 |a Bělka, František 
245 1 0 |a Kapitoly z dějin českého revolučního myšlení. 
264 1 |a Havlíčkův Brod :  |b Kraj. nakl.,  |c 1960. 
300 |a 306 strán. 
336 |a text  |b txt  |2 rdacontent 
337 |a bez média  |b n  |2 rdamedia 
338 |a zväzok  |b nc  |2 rdacarrier 
500 |a Záznam revízie 
910 |a svkkk 
998 |a BK 
090 |g SCKHL  |k Sklad Pribinova 2. posch.  |a III.82547  |j 272913  |i 2720691702  |s Prezenčne